| 000 | 00000nam 2200000za 4500 |
| 001 | 9.816775 |
| 003 | CaOODSP |
| 005 | 20240219162708 |
| 007 | cr ||||||||||| |
| 008 | 160503s2002 oncao |o f000 0 fre d |
| 040 | |aCaOODSP|bfre |
| 043 | |an-cn--- |
| 086 | 1 |aNF4-4/2002F-PDF |
| 110 | 2 |aOffice national du film du Canada. |
| 245 | 10|aPlan stratégique 2002-2006 |h[ressource électronique] / |cOffice national du film du Canada. |
| 260 | |a[Ottawa] : |bOffice national du film du Canada,|c2002. |
| 300 | |a21 p. : |bill. |
| 500 | |a« Accessible -- Branché -- Créatif -- Distinctif -- Essentiel. » |
| 500 | |a« Janvier 2002. » |
| 500 | |aPublié aussi en anglais sous le titre : Strategic plan 2002-2006. |
| 692 | 07|2gccst|aIndustrie cinématographique |
| 692 | 07|2gccst|aPlanification |
| 775 | 08|tStrategic plan 2002-2006 |w(CaOODSP)9.816768 |
| 856 | 40|qPDF|s129 Ko|uhttps://publications.gc.ca/collections/collection_2016/onf-nfb/NF4-4-2002-fra.pdf |